| 000 | 00995nam0a2200313 4500 | ||
|---|---|---|---|
| 001 | RU\NLR\BIBL_A\022052590 | ||
| 005 | 20250727041416.0 | ||
| 021 |
_aRU _b46447 |
||
| 035 | _a(NLR Aleph) 022052590 | ||
| 090 |
_a13317912 _c13317912 |
||
| 100 | _a20231018d1931 |||y0rusy50 ca | ||
| 101 | 0 | _aalt | |
| 102 | _aRU | ||
| 105 | _aa z 000yy | ||
| 181 | 0 |
_ai _baxxe |
|
| 182 | 0 | _an | |
| 200 | 1 |
_aӨlөn acьdar kizee boluzar bicik _eMaldь ҫьl eвede amtandu azrai-la azraarga, transejler-le orolor kazьp ҫazagar _fI. Lebedev |
|
| 203 |
_aТекст _bвизуальный _cнепосредственный |
||
| 210 |
_aUlalu _cOjrotizdat _d1931 |
||
| 215 |
_a18 [1] c. _cил. _d18 |
||
| 541 | 1 |
_6z01790 _a[В помощь заготовщику силоса ] _zrus |
|
| 686 | 1 | _aТ3 | |
| 700 | 1 |
_aLebedev _bI. _4070 |
|
| 702 | 1 |
_aAвьskin _bM. M. _4730 |
|
| 790 | 1 |
_6z01541 _aЛебедев _bИ. _4070 |
|
| 852 |
_aNLR _bОНЛ _jАлт./2-989 |
||
| 942 | _cBOOK | ||
| 980 | _aNB | ||